| 000 | 00491cam a2200181ua 4500 | ||
|---|---|---|---|
| 001 | 6444 | ||
| 008 | 140311n ii |||gr||||Z||||||eng | ||
| 040 | _cMAIN | ||
| 082 | _a519.5 | ||
| 245 |
_aEasy approach to statistics _cBy S.P. Gupta |
||
| 250 | _a6th ed/ rep. | ||
| 260 |
_aNew delhi: _bS. Chand & Company ltd., _c1995. |
||
| 300 | _aviii,239p. | ||
| 653 | _aProbabilities & applied mathematics | ||
| 653 | _aEasy approach to statistics | ||
| 700 |
_aGupta,S.P., _eAuthor. |
||
| 942 | _cBK | ||
| 999 |
_c5593 _d5593 |
||